| 000 | 00610nam a2200145Ia 4500 | ||
|---|---|---|---|
| 008 | 180925s9999 xx 000 0 und d | ||
| 020 | _a9789719808732 | ||
| 100 | _aBarrot, Jessie S. | ||
| 245 |
_cJessie S. Barrot.-- _aBusiness correspondence with style: _ba guide to effective business english and correspondence for college students and professionals / |
||
| 260 |
_aPhilippines : _bC & E Publishing, Inc. _c2018 |
||
| 300 |
_aviii, 321 pages : _billustrations ; _c22 cm. |
||
| 500 | _aInlcudes bibliographical reference and indexes. | ||
| 650 | _aBusiness communication. | ||
| 650 | _aBusiness correspondence. | ||
| 999 |
_c358858 _d358858 |
||